Qué es ilustración?
Saved in:
| Main Authors: | , , |
|---|---|
| Andre forfattere: | , , |
| Format: | Bog |
| Sprog: | spansk |
| Udgivet: |
Madrid, España.
Tecnos,
1999
|
| Udgivelse: | 4a. ed |
| Serier: | Colección Clásicos del Pensamiento
|
| Fag: | |
| Online adgang: | Disponible Online - pp. 11-25 / 31-36 |
| Tags: |
Tilføj Tag
Ingen Tags, Vær først til at tagge denne postø!
|
MARC
| LEADER | 00000nam a2200000 a 4500 | ||
|---|---|---|---|
| 001 | UCN8978 | ||
| 003 | CL-VaPUC | ||
| 005 | 20220323151432.0 | ||
| 008 | 011123e19990000SP |||||||||||||||||spa|d | ||
| 999 | |c 298649 |d 298647 | ||
| 040 | |c Pontificia Universidad Católica de Valparaíso | ||
| 082 | 0 | 4 | |a 149.9 ERH 1999 |2 21 |
| 100 | |a Erhard, J. B |e autor |9 465522 | ||
| 245 | 1 | 0 | |a Qué es ilustración? |
| 250 | |a 4a. ed | ||
| 260 | |a Madrid, España. |b Tecnos, |c 1999 | ||
| 300 | |a 109 páginas | ||
| 490 | 0 | |a Colección Clásicos del Pensamiento | |
| 583 | |a last modification |c 20011123 00:00:00 |k Rodrigo Vera | ||
| 650 | 0 | |a Escuelas filosóficas |9 266232 | |
| 650 | 0 | |a llustración |x Filosofía |9 863021 | |
| 700 | |a Freinerr von Moser, K. F |e autor |9 465523 | ||
| 700 | |a Garve, Ch. |e autor |9 465524 | ||
| 700 | |a Geich, J. B. |e autor |9 465525 | ||
| 700 | 0 | |a Hamann, J. G |e author |9 465526 | |
| 700 | 0 | |a Herder, J. G |e author |9 465527 | |
| 856 | |u http://bibliografiadigital.pucv.cl.pucv.idm.oclc.org/index.php/bibliotecapucv/catalog/book/753 |y Disponible Online - pp. 11-25 / 31-36 | ||
| 942 | |c BK |2 ddc | ||
| 945 | |d 20011123 00:00:00 |a cmena | ||
| 952 | |0 0 |1 0 |4 0 |6 149_900000000000000_ERH_1999 |7 0 |8 A |9 354409 |a BIBEDU |b BIBEDU |d 2019-11-21 |i 369433K |l 1 |o 149.9 ERH 1999 |p 369433K |r 2023-07-03 |s 2023-05-31 |w 2019-11-21 |y BK |k BME | ||